| 000 | 00405nam a2200121 a 4500 | ||
|---|---|---|---|
| 005 | 20140513081053.0 | ||
| 008 | 090911s19uu xx 00 eng d | ||
| 050 |
_aKit _b3 M |
||
| 245 |
_a3 Mr. Men and Little Miss / _cHangreaves, Roger. |
||
| 260 |
_aU.S.A : _bOttenheimer pub, _c1980. |
||
| 500 | _aStories on LP Cassette. Titles: Little miss troble, Little miss naughty, little miss late. | ||
| 999 |
_c116403 _d116403 |
||